| 000 | 00385nam a2200145Ia 4500 | ||
|---|---|---|---|
| 005 | 20251222153535.0 | ||
| 008 | 251222s9999||||xx |||||||||||||| ||spa|| | ||
| 020 | _a8473988930 | ||
| 082 | _a344.602.602.63/G23 | ||
| 100 | _aGarcía de Enterría, Eduardo | ||
| 245 | 0 | _aCódigo de las Leyes Administrativas | |
| 250 | _a8a. ed. | ||
| 264 | _bEditorial Civitas, S.A. | ||
| 942 | _cLIB | ||
| 999 |
_c30253 _d30253 |
||